| 000 | 00702cab a22002055a 4500 | ||
|---|---|---|---|
| 001 | L148899 | ||
| 008 | 091123e20091003xxkd f s 000 0 eng d | ||
| 035 | _a(Sirsi) u148899 | ||
| 041 | 0 | _aeng | |
| 100 | 1 | _aSwaine, Richard | |
| 245 | 0 | 0 | _aFreedom fighters |
| 260 | _c2009 | ||
| 490 |
_aEstates Gazette _v(0939) 03 October 2009, 106-107(2) |
||
| 520 | _aExamines strategies for parties wishing to terminate a contractual joint venture scheme. Highlights possible issues. Does not consider incorporated joint venture schemes. | ||
| 590 | _aKA | ||
| 651 | 4 |
_aEngland and Wales _y1543- |
|
| 690 | _aMANAGEMENT-PROJECT MANAGEMENT-CONTRACT ADMINISTRATION | ||
| 700 | 1 | _aPemberton, Simon | |
| 942 | _n0 | ||
| 999 |
_c81997 _d81997 |
||